000 00312nam a22001457a 4500
020 _a 978-0135136904
041 _aENG
100 _aEsposito .A
245 _aFluid Power With Applications
250 _aSix Ed
260 _aDelhi
_bPearson
_c2006
300 _a672
650 _aIDE
856 _uIDE ( 44 )
999 _c1590
_d1590